<?xml version="1.0" encoding="UTF-8"?><?xml-stylesheet type="text/xsl" href="static/style.xsl"?><OAI-PMH xmlns="http://www.openarchives.org/OAI/2.0/" xmlns:xsi="http://www.w3.org/2001/XMLSchema-instance" xsi:schemaLocation="http://www.openarchives.org/OAI/2.0/ http://www.openarchives.org/OAI/2.0/OAI-PMH.xsd"><responseDate>2026-06-02T17:22:12Z</responseDate><request verb="GetRecord" identifier="oai:riuma.uma.es:10630/27106" metadataPrefix="marc">https://riuma.uma.es/rest/oai/request</request><GetRecord><record><header><identifier>oai:riuma.uma.es:10630/27106</identifier><datestamp>2026-02-03T10:48:46Z</datestamp><setSpec>com_10630_2254</setSpec><setSpec>col_10630_37953</setSpec></header><metadata><record xmlns="http://www.loc.gov/MARC21/slim" xmlns:dcterms="http://purl.org/dc/terms/" xmlns:doc="http://www.lyncode.com/xoai" xmlns:xsi="http://www.w3.org/2001/XMLSchema-instance" xsi:schemaLocation="http://www.loc.gov/MARC21/slim http://www.loc.gov/standards/marcxml/schema/MARC21slim.xsd">
   <leader>00925njm 22002777a 4500</leader>
   <datafield ind2=" " ind1=" " tag="042">
      <subfield code="a">dc</subfield>
   </datafield>
   <datafield ind2=" " ind1=" " tag="720">
      <subfield code="a">Moreno, Patricia</subfield>
      <subfield code="e">author</subfield>
   </datafield>
   <datafield ind2=" " ind1=" " tag="720">
      <subfield code="a">Álvarez-Torres, Daniel</subfield>
      <subfield code="e">author</subfield>
   </datafield>
   <datafield ind2=" " ind1=" " tag="720">
      <subfield code="a">Balebona-Accino, María del Carmen</subfield>
      <subfield code="e">author</subfield>
   </datafield>
   <datafield ind2=" " ind1=" " tag="720">
      <subfield code="a">Domínguez-Maqueda, Marta</subfield>
      <subfield code="e">author</subfield>
   </datafield>
   <datafield ind2=" " ind1=" " tag="720">
      <subfield code="a">Moriñigo-Gutiérrez, Miguel Ángel</subfield>
      <subfield code="e">author</subfield>
   </datafield>
   <datafield ind2=" " ind1=" " tag="720">
      <subfield code="a">Béjar-Alvarado, Julia</subfield>
      <subfield code="e">author</subfield>
   </datafield>
   <datafield ind2=" " ind1=" " tag="720">
      <subfield code="a">Alonso-Sánchez, María del Carmen</subfield>
      <subfield code="e">author</subfield>
   </datafield>
   <datafield ind2=" " ind1=" " tag="720">
      <subfield code="a">García-Rosado, Esther</subfield>
      <subfield code="e">author</subfield>
   </datafield>
   <datafield ind2=" " ind1=" " tag="260">
      <subfield code="c">2023</subfield>
   </datafield>
   <datafield ind2=" " ind1=" " tag="520">
      <subfield code="a">One of the most relevant infectious diseases affecting farmed fish is the viral encephalopathy and retinopathy, caused by the nervous necrosis virus (NNV). The two commercial vaccines available against this virus have been designed to protect European seabass against the infection with a particular NNV species, RGNNV. Therefore, the development of strategies to protect different fish species against different viruses is a key issue for the aquaculture industry. In this regard, there are numerous studies focused on the use of probiotics, although their antiviral activity has been poorly investigated. Shewanella putrefaciens Pdp11, SpPdp11, is a probiotic with proven positive effects on gilthead seabream and Senegalese sole, protecting those species against several bac-&#xd;
terial pathogens; however, its antiviral activity remains to be investigated. The current study is a step forward in the use of probiotics against viral infections, evaluating the anti-RGNNV activity of sonicated-SpPdp11 extracts both, in vitro and in vivo. According to our results, SpPdp11 extracts compromised RGNNV multiplication in E11 cells, affecting viral assembly and/or exit rather than genome replication. Furthermore, this antiviral activity may be produced by the capacity of the SpPdp11-extract to induce an immune response in treated cells. This antiRGNNV activity has been confirmed in vivo, since 82% of fish fed with the SpPdp11-supplemented diet survived an experimental-RGNNV infection, whereas the survival rate of fish fed with the control diet was 64%. These results suggest that SpPdp11-supplemented feeding can be a promising prophylactic tool against RGNNV and&#xd;
encourage further research on other fish species and viral pathogens.</subfield>
   </datafield>
   <datafield ind1="8" ind2=" " tag="024">
      <subfield code="a">Moreno, P., Álvarez-Torres, D., Balebona, M. C., Domínguez-Maqueda, M., Moriñigo, M. Á., Béjar, J., Alonso, M. C., &amp; García-Rosado, E. (2023). Inhibition of nervous necrosis virus replication by Shewanella putrefaciens Pdp11 extract. Aquaculture, 575. https://doi.org/10.1016/j.aquaculture.2023.739812</subfield>
   </datafield>
   <datafield ind1="8" ind2=" " tag="024">
      <subfield code="a">https://hdl.handle.net/10630/27106</subfield>
   </datafield>
   <datafield ind1="8" ind2=" " tag="024">
      <subfield code="a">10.1016/j.aquaculture.2023.739812</subfield>
   </datafield>
   <datafield tag="653" ind2=" " ind1=" ">
      <subfield code="a">Peces - Enfermedades por virus</subfield>
   </datafield>
   <datafield ind2="0" ind1="0" tag="245">
      <subfield code="a">Inhibition of nervous necrosis virus replication by Shewanella putrefaciens Pdp11 extract</subfield>
   </datafield>
</record>
</metadata></record></GetRecord></OAI-PMH>